Music Quiz

Random Music or Song Quiz
Score 0/134 Timer 15:00
0 Plays Today
Song(s) (Peak(s)) Artist(s) % Correct
Don't Stand So Close to Me (#10), Every Little Thing She Does Is Magic (#3)The Police
84.5%
Don't Stop Believin' (#9), The Party's Over (Hopelessly in Love) (#34), Who's Crying Now (#4)Journey
84.2%
Physical (#1)Olivia Newton-John
79.1%
I Missed Again (#19), In the Air Tonight (#19)Phil Collins
78.1%
I Can't Go for That (No Can Do) (#1), Kiss on My List (#1), Private Eyes (#1), You Make My Dreams (#5)Daryl Hall & John Oates
76.4%
Bette Davis Eyes (#1), Draw of the Cards (#28)Kim Carnes
76.3%
I've Done Everything for You (#8), Jessie's Girl (#1), Love Is Alright Tonite (#20)Rick Springfield
75.5%
Start Me Up (#2), Waiting on a Friend (#13)The Rolling Stones
74.1%
Centerfold (#1)J. Geils Band
73.6%
Give It to Me Baby (#40), Super Freak (#16)Rick James
72.2%
Under Pressure (#29)Queen & David Bowie
71.7%
Our Lips Are Sealed (#20)The Go-Gos
65.9%
Arthur's Theme (Best That You Can Do) (#1), Say You'll Be Mine (#20)Christopher Cross
65.3%
For Your Eyes Only (#4), Modern Girl (#18), Morning Train (Nine to Five) (#1), You Could Have Been with Me (#15)Sheena Easton
63.1%
Rapture (#1)Blondie
62.6%
Abacab (#26), No Reply at All (#29)Genesis
61.8%
Urgent (#4), Waiting for a Girl Like You (#2)Foreigner
60.6%
Leather and Lace (#6), Stop Draggin' My Heart Around (#3)Stevie Nicks
57.8%
Don't Let Him Go (#24), In Your Letter (#20), Take It on the Run (#5)REO Speedwagon
57%
Endless Love (#1), Why Do Fools Fall in Love? (#7)Diana Ross
57%
Angel of the Morning (#4), Queen of Hearts (#2), The Sweetest Thing (I've Ever Known) (#7)Juice Newton
56.9%
Shake It Up (#4)The Cars
55.3%
Stop Draggin' My Heart Around (#3), The Waiting (#19)Tom Petty (& the Heartbreakers)
55.2%
Endless Love (#1)Lionel Richie
54.7%
Say Goodbye to Hollywood (#17), She's Got a Way (#23)Billy Joel
54.5%
Beach Boys Medley (#12), Come Go with Me (#18)The Beach Boys
53%
America (#8), Hello Again (#6), Yesterday's Songs (#11)Neil Diamond
52.4%
Turn Me Loose (#35), Working for the Weekend (#29)Loverboy
52%
Young Turks (#5)Rod Stewart
51.6%
Elvira (#5)The Oak Ridge Boys
51.6%
Hold on Loosely (#27).38 Special
50.1%
Watching the Wheels (#10), Woman (#2)John Lennon
50.1%
You Better You Bet (#18)The Who
49.5%
Chariots of Fire (#1)Vangelis
49.3%
The Best of Times (#3), Too Much Time on My Hands (#9)Styx
49%
In the Dark (#35), The Stroke (#17)Billy Squier
48.6%
Slow Hand (#2)The Pointer Sisters
46.1%
Burnin' for You (#40)Blue Öyster Cult
45%
Harden My Heart (#3)Quarterflash
41.9%
All Those Years Ago (#2)George Harrison
40.4%
Fire and Ice (#17), Promises in the Dark (#38), Treat Me Right (#18)Pat Benatar
39%
Here I Am (Just When I Thought I Was Over You) (#5), Sweet Dreams (#5), The One That You Love (#1)Air Supply
38.7%
I Don't Need You (#3), Share Your Love with Me (#14), Through the Years (#13), What Are We Doin' in Love (#14)Kenny Rogers
35.6%
Hard to Say (#7), Leader of the Band (#9)Dan Fogelberg
34.1%
Leather and Lace (#6)Don Henley
33.5%
Song(s) (Peak(s)) Artist(s) % Correct
Ain't Even Done with the Night (#17)John Mellencamp
33.2%
Being with You (#2)Smokey Robinson
31%
Lady (You Bring Me Up) (#8), Oh No (#4)The Commodores
30.9%
Just the Two of Us (#2)Grover Washington, Jr. & Bill Withers
29.2%
While You See a Chance (#7)Steve Winwood
28.9%
The Boy from New York City (#7)The Manhattan Transfer
28.3%
The Breakup Song (They Don't Write 'Em) (#15)The Greg Kihn Band
28.2%
Let's Groove (#3)Earth, Wind, & Fire
27.7%
Stars On 45 Medley (#1)Stars on 45
27.5%
Feels So Right (#20), Love in the First Degree (#15)Alabama
26.2%
I Can't Stand It (#10)Eric Clapton
26.1%
Her Town Too (#11)James Taylor & J.D. Souther
24%
Gemini Dream (#12), The Voice (#15)The Moody Blues
23%
I Wouldn't Have Missed It for the World (#20), (There's) No Gettin' Over Me (#5)Ronnie Milsap
21.9%
Take It Easy on Me (#10), The Night Owls (#6)Little River Band
21.5%
Theme from 'The Greatest American Hero' (Believe It or Not) (#2)Joey Scarbury
21%
Find Your Way Back (#29)Jefferson Starship
20.8%
Key Largo (#8)Bertie Higgins
20.4%
A Woman Needs Love (Just Like You Do) (#4), That Old Song (#21)Ray Parker, Jr. & Raydio
19.9%
Theme from 'Hill Street Blues' (#10)Mike Post & Larry Carlton
19%
Castles in the Air (#36), Crying (#5), Since I Don't Have You (#23)Don McLean
18.5%
Just Once (#17), One Hundred Ways (#14)James Ingram
18.4%
Hold on Tight (#10), Twilight (#38)Electric Light Orchestra
17.9%
Winning (#17)Santana
17.7%
A Life of Illusion (#34)Joe Walsh
17.5%
Sukiyaki (#3)A Taste of Honey
17.2%
Seven Year Ache (#22)Rosanne Cash
16.6%
Trouble (#9)Lindsey Buckingham
15.9%
Turn Your Love Around (#5)George Benson
15.7%
Living Inside Myself (#6)Gino Vannelli
15.7%
Ai No Corrida (#28), Just Once (#17), One Hundred Ways (#14)Quincy Jones
15.5%
Time (#15)Alan Parsons Project
15.3%
Cool Night (#11)Paul Davis
15.2%
Someone Could Lose a Heart Tonight (#15), Step by Step (#5)Eddie Rabbitt
13.9%
Just Between You and Me (#21)April Wine
13.8%
Atlanta Lady (Something About Your Love) (#27), Hearts (#8)Marty Balin
13.6%
Comin' In and Out of Your Life (#11), What Kind of Fool (#10)Barbra Streisand
13.3%
Somewhere Down the Road (#21), The Old Songs (#15)Barry Manilow
12.2%
This Little Girl (#11)Gary U.S. Bonds
11.2%
Somebody's Knockin' (#13)Terri Gibbs
10.5%
How 'Bout Us (#12)Champaign
10.3%
We're in This Love Together (#15)Al Jarreau
9.9%
I Love You (#12)Climax Blues Band
9.6%
Tryin' to Live My Life Without You (#5)Bob Seger & the Silver Bullet Band
9.3%
She's a Bad Mama Jama (She's Built, She's Stacked) (#22)Carl Carlton
8.7%
Song(s) (Peak(s)) Artist(s) % Correct
Time Out of Mind (#22)Steely Dan
8%
Never Too Much (#33)Luther Vandross
7.6%
Chloe (#34), Nobody Wins (#21)Elton John
7.5%
Sausalito Summernight (#25)Diesel
7.5%
Sweetheart (#10), You're My Girl (#27)Franke & the Knockouts
7.2%
Touch Me When We're Dancing (#16)The Carpenters
7.1%
Guitar Man (#28)Elvis Presley
6.9%
Fade Away (#20)Bruce Springsteen
6.7%
Some Days Are Diamonds (Some Days Are Stone) (#36)John Denver
6.5%
Heart Like a Wheel (#24)The Steve Miller Band
6.4%
What Are We Doin' in Love (#14)Dottie West
6.2%
Cool Love (#13)Pablo Cruise
6%
Jones Vs. Jones (#39), Take My Heart (You Can Have It If You Want It) (#17)Kool & the Gang
6%
Blessed Are the Believers (#34)Anne Murray
5.6%
Don't Stop the Music (#19)Cavin Yarbrough & Alisa Peoples
5.4%
Hooked on Classics (#10)Royal Philharmonic Orchestra
5.3%
When She Was My Girl (#11)The Four Tops
5.3%
It's Now or Never (#14)John Schneider
5%
Mister Sandman (#37)Emmylou Harris
5%
Everlasting Love (#32)Rex Smith & Rachel Sweet
4.8%
It's a Love Thing (#28)The Whispers
4.2%
Really Wanna Know You (#16)Gary Wright
4.2%
Wrack My Brain (#38)Ringo Starr
4.1%
He's a Liar (#30)The Bee Gees
4.1%
Don't Want to Wait Anymore (#35)The Tubes
3.9%
Alien (#29)Atlanta Rhythm Section
3.9%
Hearts on Fire (#19)Randy Meisner
3.9%
Breaking Away (#22)Balance
3.1%
Sweet Baby (#19)George Duke & Stanley Clarke
3.1%
Is It You (#15)Lee Ritenour
2.9%
I Could Never Miss You (More Than I Do) (#18)Lulu
2.8%
Poor Man's Son (#33)Survivor
2.8%
Me (Without You) (#40)Andy Gibb
2.5%
Living in a Fantasy (#23)Leo Sayer
2.4%
Sea of Love (#33)Del Shannon
2.2%
I'm in Love (#40)Evelyn 'Champagne' King
1.9%
Still Right Here in My Heart (#28)Pure Prairie League
1.8%
Who Do You Think You're Foolin' (#40)Donna Summer
1.8%
Straight from the Heart (#39)The Allman Brothers
1.7%
Staying with It (#37)Firefall
1.6%
I Can Take Care of Myself (#39)Billy Vera
1.5%
You Saved My Soul (#37)Burton Cummings
1.4%
Two Hearts (#40)Stephanie Mills & Teddy Pendergrass
1.3%
Steal the Night (#25)Stevie Woods
1%
Remove Ads.
Support Sporcle.
Get the best of Sporcle when you Go Orange. This ad-free experience offers more features, more stats, and more fun while also helping to support Sporcle. Thank you for becoming a member.

You're not logged in!

Compare scores with friends on all Sporcle quizzes.
OR
Log In

Show Comments

Extras

Top Quizzes Today


Score Distribution

Your Account Isn't Verified!

In order to create a playlist on Sporcle, you need to verify the email address you used during registration. Go to your Sporcle Settings to finish the process.

Report this User

Report this user for behavior that violates our Community Guidelines.

Details: